| 000 | 00479nam a2200181Ia 4500 | ||
|---|---|---|---|
| 008 | 131103s9999 xx 000 0 und d | ||
| 040 | _aLoreto College | ||
| 041 | _aEnglish | ||
| 082 |
_aF/FOR _bLCBkB/E44 |
||
| 245 | 4 |
_aThe Age of Chaucer _cedited by Boris Ford |
|
| 260 |
_aLondon _bPelican Books _c1959 |
||
| 300 |
_a496p.. _c 18 cm. |
||
| 504 | _aIncludes index | ||
| 650 | _aChaucer - Criticism | ||
| 651 | _aEnglish literature | ||
| 850 | _aLCBkB/F/FOR | ||
| 942 | _cBK | ||
| 999 |
_c35666 _d86145 |
||